000
00269nam a22001217a 4500
008
180924b xxu||||| |||| 00| 0 eng d
041
_a
eng
080
_2
6 ed
_a
311
100
_a
55
101
_a
STA
245
_a
Statistical Msethods
_c
Cochram.W.G
942
_2
udc
_c
BK
999
_c
48351
_d
48351